00833nam a2200229Ia 4500008004100000020001800041020001800059040001800077041000800095060001100103100002800114245012200142260004900264300003800313490004600351504002800397650001300425650002700438650005200465650002700517710005900544130821s2010 sp a gr spa  a9788478697618 a9788478697625 aCo-BoUCMbspa00aspa aWV 5001 aBorregón Sanz, Santos14aLos trastornos de la articulación exploración, prevención, diagnóstico y tratamientocSantos Borregón Sanz aMadrid (España)bCEPEc[fecha desconocida] a93 páginasbcuadrose5 folletos0 aColección Lenguaje y Comunicaciónv26 aIncluye bibliografía.04aDislalia04aOtorrinolaringología04aTrastornos de la vozxDiagnostico y tratamiento04aVozxCuidado e higiene2 aCiencias de la Educación Preescolar y Especial. CEPE